| 000 | 00885cam a22002771 4500 | ||
|---|---|---|---|
| 999 |
_c21718 _d21718 |
||
| 001 | 9840248 | ||
| 003 | BDDh-ASL | ||
| 005 | 20231015030031.0 | ||
| 008 | 760317s1956 ii b 000 0 eng | ||
| 010 | _a 61044713 | ||
| 035 | _a(OCoLC)2055050 | ||
| 040 |
_aDLC _cCoDU _dDLC _dBDDh-ASL |
||
| 042 | _apremarc | ||
| 050 | 0 | 0 |
_aDS451 _b.B6 1956 |
| 082 |
_a954.2 _bBOH |
||
| 100 | 1 | _aBose, Nemai Sadhan. | |
| 245 | 1 | 0 |
_aHistory of the Candellas of Jejakabhukti / _cForeword by A. L. Basham. |
| 250 | _a[1st ed.] | ||
| 260 |
_aCalcutta : _bK. L. Mukhopadhyay _c1956. |
||
| 300 |
_a213 p. : _c23 cm. |
||
| 500 | _a"Originally a thesis submitted for ... the degree of doctor of philosophy ... at the University of London in 1954" | ||
| 504 | _aIncludes bibliography. | ||
| 600 | 3 | 0 | _aChandela dynasty. |
| 906 |
_a7 _bcbc _coclcrpl _du _encip _f19 _gy-gencatlg |
||
| 942 |
_2ddc _cBK |
||